=LDR 00000nam 2200000 4500 =001 INLIS000000000050318 =005 20170427021544 =035 ##$$a 0010-0417000133 =007 ta =008 170427###########################0###### =020 ##$$a 978-602-6348-06-7 =082 ##$$a 639.31 =084 ##$$a 639.31 PUT c =100 #$$a Putra, Irawan =245 1#$$a Cara Mudah dan Benar beternak ikan gurame /$c Irawan Putra =250 ##$$a Cet.1 =260 ##$$a Yogyakarta :$b Air Publishing,$c 2016 =300 ##$$a 108 hlm. : $b Ilus ; $c 20, 5 cm. =650 ##$$a Ikan Gurame =990 ##$$a 75227522 =990 ##$$a 75227522 =990 ##$$a 31700369 =990 ##$$a 02201707522 =990 ##$$a 31700370 =990 ##$$a 31700369